علامہ اقبال قائداعظم پرویز مودودی اور تحریک پاکستان (Record no. 75637)
[ view plain ]
| 000 -LEADER | |
|---|---|
| fixed length control field | 00465nam a22001457a 4500 |
| 005 - DATE AND TIME OF LATEST TRANSACTION | |
| control field | 20150909142508.0 |
| 008 - FIXED-LENGTH DATA ELEMENTS--GENERAL INFORMATION | |
| fixed length control field | 150909b xxu||||| |||| 00| 0 eng d |
| 040 ## - CATALOGING SOURCE | |
| Transcribing agency | PK-LaUMT |
| 082 ## - DEWEY DECIMAL CLASSIFICATION NUMBER | |
| Classification number | KHC 954.0359 |
| Item number | HAB-A |
| 100 ## - MAIN ENTRY--PERSONAL NAME | |
| Personal name | حبیب احمد |
| 245 ## - TITLE STATEMENT | |
| Title | علامہ اقبال قائداعظم پرویز مودودی اور تحریک پاکستان |
| Statement of responsibility, etc | حبیب احمد |
| 260 ## - PUBLICATION, DISTRIBUTION, ETC. (IMPRINT) | |
| Place of publication, distribution, etc | فیصل آباد |
| Name of publisher, distributor, etc | رفیق احمد |
| Date of publication, distribution, etc | [N.D] |
| 300 ## - PHYSICAL DESCRIPTION | |
| Extent | 934 ص |
| 942 ## - ADDED ENTRY ELEMENTS (KOHA) | |
| Koha item type | Books |
| Withdrawn status | Lost status | Damaged status | Home library | Current library | Date acquired | Full call number | Barcode | Date last seen | Price effective from | Koha item type |
|---|---|---|---|---|---|---|---|---|---|---|
| UMT Main Campus | UMT Main Campus | 2015-09-09 | KHC 954.0359 HAB-A | 68948 | 2018-12-27 | 2015-09-09 | Books |
